000 00760nam a2200253 i 4500
001 bg
245 0 0 _aBezpieczeństwo pracy i ergonomia.
_nT.2 /
_cred. nauk. Danuta Koradecka ; [aut. Danuta Augustyńska et al.].
250 _a[Wyd.1, dodr.].
260 _aWarszawa :
_bCentralny Instytut Ochrony Pracy,
_c1999.
300 _aS. XI, [641]-1265 :
_brys., wykr. ;
_c25 cm.
504 _aBibliogr. przy rozdz.
650 4 _aBhp
650 4 _aErgonomia
700 1 _aKoradecka, Danuta
_d(1939- ).
_eRed.
700 1 _aAUGUSTYŃSKA, Danuta.
020 _a8390174065 (t. 2)
040 _cBPK
041 0 _apl
080 _a331.45
080 _a331.101.1
920 _a83-901740-6-5 (t. 2)
942 _cKS
008 s pl f |000 0 pol
999 _c37599
_d37599
856 _uhttp://koha.tu.koszalin.pl/cgi-bin/koha/opac-detail.pl?biblionumber=37599
_yKatalog online BPK